000 00773nam a2200229Ii 4500
003 JO-AjNU
008 230605s9999||||xx |||||||||||||| ||und||
017 _a2009/10/4600
020 _a9957-16-579-6
040 _aJO-AjNU
_bara
_erda
_cJO-AjNU
041 _aara
050 1 4 _aK140.2010
100 3 _a بوضياف ، عمار ,
_eauthor
_912092
245 0 0 _aالوسيط في النظرية العامة للقانون مع تطبيقات لتشريعات عربية
250 _aط1
264 3 1 _aعمان : دار الثقافة ، 2010
300 _a287ص
336 _atext
_btxt
_2rdacontent
337 _aunmediated
_bn
_2rdamedia
338 _avolume
_bnc
_2rdacarrier
650 4 _aقوانين وأنظمة -- التشريعات القانونية
_912093
999 _aA2663
_c6231
_d6231